000 00747nam a2200205Ia 4500
999 _c34911
_d34911
001 738
003 GE_BSU
005 20191001125241.0
008 181216s1984||||ge |||||||||||||| ||geo||
040 _cGE_BSU
041 _ageo
080 _a82.02 ჯ–71
100 _aჯორბენაძე, პავლე
_94425
245 _aრომანტიზმის სათავეებთან /
_cრედ. გ. ჯიბლაძე.
264 _aბათუმი :
_bსაბჭ. აჭარა,
_c1984.
300 _a151 გვ. ;
_b20 სმ.
653 _aრომანტიზმი ლიტერატურაში
700 _a ჯიბლაძე, გ.
_eრედაქტორი
_94426
942 _cBK
_2udc